| 000 | 01408cam a22004334i 4500 | ||
|---|---|---|---|
| 003 | PE-LiUPU | ||
| 005 | 20250731184526.0 | ||
| 008 | s1936 gr 000 0 eng d | ||
| 035 | _a(Sirsi) a204249 | ||
| 040 |
_aPE-LiUPU _bspa _cPE-LiUPU _erda |
||
| 049 | _aPRUA | ||
| 082 | 0 | 4 |
_a930 _bL31 _221 |
| 100 | 1 |
_aLawrance, Eugene, _eautor. |
|
| 245 | 1 | 0 |
_aHistorical studies / _cEugene Lawrence. |
| 264 | 1 |
_aTennessee : _bSouthern, _c1936. |
|
| 300 |
_a392 páginas ; _c20 centímetros. |
||
| 336 |
_atext _2rdacontent |
||
| 337 |
_aunmediated _2rdamedia |
||
| 338 |
_avolume _2rdacarrier |
||
| 505 | 2 | _aThe bishops of rome -- Leo and luther -- Loyola and the jesuits -- Ecumenical councils -- The vaudois -- The huguenots -- Dominic and the inquisition -- The conquest of Ireland. | |
| 526 | _aP136 | ||
| 526 | _aP135 | ||
| 526 | _aP134 | ||
| 526 | _aP133 | ||
| 526 | _aP144 | ||
| 526 | _aP143 | ||
| 526 | _aP87 | ||
| 526 | _aP35 | ||
| 526 | _aP20 | ||
| 526 | _aP14 | ||
| 526 | _aP10 | ||
| 526 | _aP06 | ||
| 650 | 0 | 4 |
_aHistoria _xobispos |
| 942 |
_2ddc _cBOOK |
||
| 994 |
_aC0 _bPEPRU |
||
| 596 | _a1 | ||
| 999 |
_a930 L31 _wLC _c20618 _i76089 _f2021-11-11 _g4 _lCCODEBUL1 _mBUL _p10.00 _r0 _sY _tBOOK _u2017-6-5 _xTEOLOGIA _PP85 _0COMPRA _o.STAFF. Colección Teología _d20618 |
||
| 980 |
_81 _gALBERTO SANCHEZ Responsable de Automatización |
||